01361nam a2200337 a 4500001001100000003000800011006001900019007001500038008004100053010001700094020002900111040002100140035002100161050002500182082001900207245006300226260003700289300001000326490011300336500001900449500009600468504004100564533015200605630003100757650002700788655002900815700002200844710001700866856012500883999001501008ebr5002316CaPaEBRm u cr cn|||||||||980929s2001 cau sb 000 0 eng d z 98031679  z0833026682 (v. 6 : pbk.) aCaPaEBRcCaPaEBR a(OCoLC)13316720214aRB152.7b.O55 1998eb04a616.9/802322100aOil well firesh[electronic resource] /cDalia M. Spektor. aSanta Monica, CA :bRand,c2001. a70 p.0 aGulf War illnesses series: a Review of the scientific literature as it pertains to Gulf War illnesses ;vv.6 a"MR-1018-OSD." a"Prepared for the Office of the Secretary of Defense, National Defense Research Institute." aIncludes bibliographical references. aElectronic reproduction.bPalo Alto, Calif. :cebrary,d2006.nAvailable via World Wide Web.nAccess may be limited to ebrary affiliated libraries.00aGulf War illnesses series. 0aPersian Gulf syndrome. 7aElectronic books.2local1 aSpektor, Dalia M.2 aebrary, Inc.40uhttp://site.ebrary.com/lib/rucke/Doc?id=5002316zAn electronic book accessible through the World Wide Web; click to view c1693d1693